Capital budgeting : planning and control of capital expenditures /

Kaydedildi:
Detaylı Bibliyografya
Yazar: Clark, John J.
Diğer Yazarlar: Pritchard, Robert E., 1941- (joint author.), Hindelang, Thomas J (joint author.)
Materyal Türü: Kitap
Dil:English
Baskı/Yayın Bilgisi: Englewood Cliffs, N.J. : Prentice-Hall, c1979.
Konular:
LEADER 01238cam a2200325 a 4500
001 c000185864
003 CARM
005 20050831111224.0
008 790301s1979 njua b 001 0 eng
010 |a 79010891 //r81 
019 1 |a 12433380  |z 1384704  |5 LACONCORD2021 
020 |a 0131134647 :  |c $19.95 
035 |a (OCoLC)4774844  |5 LACONCORD2021 
040 |a LC  |b eng  |c LC  |d XNTU 
050 0 0 |a HG4028.C4  |b C6 
082 0 4 |a 658.1/54  |2 19 
100 1 |a Clark, John J. 
245 1 0 |a Capital budgeting :  |b planning and control of capital expenditures /  |c John J. Clark, Thomas J. Hindelang, Robert E. Pritchard. 
260 |a Englewood Cliffs, N.J. :  |b Prentice-Hall,  |c c1979. 
300 |a ix, 468 p. :  |b ill. ;  |c 24 cm. 
500 |a Includes indexes. 
504 |a Bibliography: p. 401-421. 
650 0 |a Capital budget. 
650 0 |a Cash flow. 
650 0 |a Capital assets pricing model. 
700 1 |a Pritchard, Robert E.,  |d 1941-,  |e joint author. 
700 1 |a Hindelang, Thomas J,  |e joint author. 
852 8 |b CARM  |h A2:AL25A0  |i B05584  |p 0258232  |f BK 
999 f f |i 658cd16a-2bef-5ae1-9c54-bc0ff2ff2792  |s 3fe5ddfb-1289-5a99-9774-98ac53b908f3 
952 f f |p Can circulate  |a CAVAL  |b CAVAL  |c CAVAL  |d CARM 1 Store  |e B05584  |f A2:AL25A0  |h Other scheme  |i book  |m 0258232